| 000 | 00664nam a2200205 a 4500 | ||
|---|---|---|---|
| 005 | 20250812063921.0 | ||
| 008 | 991125s1985 mx 000 0 spa u | ||
| 020 | _a9688530328 | ||
| 035 | _aUPN01000013860 | ||
| 049 | _aCG | ||
| 050 | 4 |
_aLB1177 _bD5.48 |
|
| 100 | 1 | _aDiem, Liselott | |
| 245 | 1 | 0 |
_aDeportes y juegos para niños de 5 a 7 años / _cLiselott Diem ; tr. Helga E. Holze. |
| 260 |
_aMéxico : _bPaidós, _c1985. |
||
| 300 |
_a127 p. : _bil. |
||
| 650 | 4 |
_aEducación física _xEstudio y enseñanza (Elemental) _911517 |
|
| 650 | 2 |
_aEducación Física - _xEstudio y Enseñanza (Preescolar) _99095 |
|
| 650 | 4 |
_aJuegos infantiles _96445 |
|
| 905 | _aLibro | ||
| 999 |
_c13860 _d13860 |
||